| 000 | 00746nam a22002177a 4500 | ||
|---|---|---|---|
| 003 | OSt | ||
| 005 | 20230823080340.0 | ||
| 008 | 221006b |||||||| |||| 00| 0 eng d | ||
| 040 | _cBiblioteca Lado V | ||
| 082 |
_a306.4 _bN594n |
||
| 110 |
_9955 _aNational Institute of Culture and History (NICH) _eautor |
||
| 245 |
_anich CULTURE/ _ba magazine about BELIZE/ |
||
| 260 |
_c2003 _aBelize _bMuseum Building |
||
| 300 |
_c24x31.5cm _a32p. |
||
| 490 |
_a1 _v1 |
||
| 650 |
_2Tesauro de Arte & Arquitectura _aARTE _9703 |
||
| 650 |
_2Tesauro de Arte & Arquitectura _aCULTURA |
||
| 650 |
_2Tesauro de Arte & Arquitectura _aFOTOGRAFIA _9702 |
||
| 651 |
_2Tesauro de Arte & Arquitectura _aBELIZE |
||
| 942 |
_2ddc _c1 _h306.4 _iN594n _n0 |
||
| 999 |
_c4176 _d4176 |
||